00506nam a2200193 a 4500001001300000003000900013005001700022008004100039020001000080082002100090100001500111245004300126260004400169300000900213500003500222505001000257650003000267700001500297nice12345678IN_TiNIC20260116012715.0050524s1987 lona grp 000 0 eng  ac18000a297.122521bALIA aAli, Ahmed aAl-Qur`anb Contemporary Translations. aLondan bOxford University Press c1987 a572p aincludes index and biblioraphy2 aindex aQuran-Translation-English1 aAli, Ahmed